| 000 | 01156nam a22002177a 4500 | ||
|---|---|---|---|
| 005 | 20260127144627.0 | ||
| 008 | 230714b ||||| |||| 00| 0 eng d | ||
| 040 |
_cSSBUL _dSSBUL |
||
| 082 |
_223 _a၉၅၉.၁၁၁ ဟင် ၁၆၀၀၉ (S-SAT) |
||
| 100 |
_aဟင်္သာ။ _928035 |
||
| 245 | _aသွေးချင်းတို့ ဌာနေကချင်မြေ / | ||
| 260 |
_aရန်ကုန်၊ _bစာပေဗိမာန်၊ _c၁၉၉၃။ |
||
| 300 |
_a၂၇၁ စာမျက်နှာ၊ _c၁၈ စင်တီ။ |
||
| 440 |
_aစာပေဗိမာန်ထုတ် ပြည်သူ့လက်စွဲစာစဉ်။ _927865 |
||
| 500 | _a၁၉၈၉ ခုနှစ်စာပေဗိမာန်စာမူဆုစာပဒေသာ တတိယဆုရ။ | ||
| 500 | _aS-SAT: Dr. Prof Sai Aung Tun | ||
| 504 | _6ကျမ်းကိုးစာရင်းပါရှိသည်။ | ||
| 651 |
_aကချင်ပြည်နယ်။ _927940 |
||
| 651 |
_aမြန်မာနိုင်ငံ _eကချင်ပြည်နယ်။ _924374 |
||
| 942 |
_2ddc _cBK1 |
||
| 999 |
_c27236 _d27236 |
||